header

Transforming virtual world learning (Record no. 113749)

MARC details
000 -LEADER
fixed length control field 01594nam a2200361 a 4500
245 00 - TITLE STATEMENT
Title Transforming virtual world learning
250 ## - EDITION STATEMENT
Edition statement 1st ed.
260 ## - PUBLICATION, DISTRIBUTION, ETC. (IMPRINT)
Place of publication Bingley, U.K. :
Name of publisher Emerald,
Year of publication 2011.
300 ## - PHYSICAL DESCRIPTION
Number of Pages xxxi, 366 p. :
Other physical details ill.
490 1# - SERIES STATEMENT
Series statement Cutting-edge technologies in higher education,
505 0# - FORMATTED CONTENTS NOTE
Formatted contents note pt. 1. Transforming virtual world planning -- pt. 2. Transforming virtual world design -- pt. 3. Transforming virtual world development -- pt. 4. Transforming virtual world deployment.
650 #0 - SUBJECT ADDED ENTRY--TOPICAL TERM
Topical Term Computer-assisted instruction.
Topical Term Virtual reality.
Topical Term Shared virtual environments.
700 1# - ADDED ENTRY--PERSONAL NAME
Personal name Randy Hinrichs.
Personal name Wankel, Charles.
856 40 - ELECTRONIC LOCATION AND ACCESS
Uniform Resource Identifier http://site.ebrary.com/lib/rucke/Doc?id=10504830

No items available.

© 2026 Rongo University
Contact us: librarian | system librarian | Rongo university